000 00430nam a2200145Ia 4500
008 230711s9999||||xx |||||||||||||| ||und||
041 _aENG
082 _a4
_bLI-M
100 _aLiu, Yu Cheng
245 0 _aMicrocomputer systems - the 8086/8088 family: Architecture, programming & design
250 _a2nd . Ed.
260 _c1991
_aNew Delhi
_bPrentice-Hall of India Private Limited
650 _aComputer Engineering
942 _cBK
999 _c503
_d503